Standard C : (Record no. 174890)
[ view plain ]
| 000 -LEADER | |
|---|---|
| fixed length control field | 00801 a2200217 4500 |
| 003 - CONTROL NUMBER IDENTIFIER | |
| control field | Nust |
| 005 - DATE AND TIME OF LATEST TRANSACTION | |
| control field | 20220722165247.0 |
| 010 ## - LIBRARY OF CONGRESS CONTROL NUMBER | |
| LC control number | 95015055 |
| 020 ## - INTERNATIONAL STANDARD BOOK NUMBER | |
| International Standard Book Number | 0134364112 |
| 040 ## - CATALOGING SOURCE | |
| Transcribing agency | Nust |
| 082 00 - DEWEY DECIMAL CLASSIFICATION NUMBER | |
| Classification number | 005.133,PLA |
| 100 1# - MAIN ENTRY--PERSONAL NAME | |
| Personal name | Plauger, P. J., |
| 9 (RLIN) | 36663 |
| 245 10 - TITLE STATEMENT | |
| Title | Standard C : |
| Remainder of title | a reference / |
| Statement of responsibility, etc. | P.J. Plauger, Jim Brodie. |
| 260 ## - PUBLICATION, DISTRIBUTION, ETC. | |
| Place of publication, distribution, etc. | Upper Saddle River,N.J. : |
| Name of publisher, distributor, etc. | Prentice Hall PTR, |
| Date of publication, distribution, etc. | c1996. |
| 300 ## - PHYSICAL DESCRIPTION | |
| Extent | viii, 248 p. : |
| Other physical details | ill. ; |
| Dimensions | 23 cm. + |
| Accompanying material | 1 computer disk (3 1/2in.) |
| 440 #0 - SERIES STATEMENT/ADDED ENTRY--TITLE | |
| Title | Prentice Hall series on programming tools and methodologies |
| 9 (RLIN) | 94632 |
| 505 ## - FORMATTED CONTENTS NOTE | |
| Formatted contents note | Part 1: The Standard C Language (Page-9), Part 2; The Standard C Library (Page- 111), Part 3: Appendixes (Page-209). |
| 650 #0 - SUBJECT ADDED ENTRY--TOPICAL TERM | |
| Topical term or geographic name entry element | C (Computer program language) |
| 9 (RLIN) | 1226 |
| 700 1# - ADDED ENTRY--PERSONAL NAME | |
| Personal name | Brodie, Jim, |
| Dates associated with a name | 1953- |
| 9 (RLIN) | 94633 |
| 942 ## - ADDED ENTRY ELEMENTS (KOHA) | |
| Koha item type | Reference |
| Source of classification or shelving scheme | |
| Withdrawn status | Lost status | Source of classification or shelving scheme | Damaged status | Not for loan | Permanent Location | Current Location | Shelving location | Date acquired | Full call number | Barcode | Date last seen | Price effective from | Koha item type | Public note |
|---|---|---|---|---|---|---|---|---|---|---|---|---|---|---|
| Military College of Signals (MCS) | Military College of Signals (MCS) | Reference | 12/12/2016 | 005.133,PLA | MCS25017 | 12/08/2016 | 12/12/2016 | Book | Almirah No.17, Shelf No.6 |
